000 01230nam0a2200325 4500
001 RU\NLR\BIBL_A\022605658
005 20260420052343.0
010 _a978-5-4465-4393-9
_9350
021 _aRU
_bКН-П-25-038245
_9КН-П-25-3742
035 _a(NLR Aleph) 022605658
090 _a13682361
_c13682361
100 _a20250821d2025 u y0rusy50 ca
101 0 _arus
102 _aRU
105 _aa|||z|||000yy
181 0 _ai3
_baxxe
182 0 _an
200 1 _aМетоды развития выносливости
_fЕвгений Богачев
203 _aТекст
_bвизуальный
_cнепосредственный
210 _aМосква
_c[б. и.]
_d2025
215 _a378 с.
_cил., табл.
_d22
300 _aНа 4-й с. обл. авт.: Евгений Богачев, тренер по физ. подготовке
320 _aБиблиогр.: с. 364-378 (120 назв.)
606 1 _aВыносливость
_xВоспитание
_91358100
_3RU\NLR\AUTH\66253403
686 1 _aЧ511.485.3
700 1 _aБогачев
_bЕ. М.
_gЕвгений Михайлович
942 _cBOOK
980 _aNB